000 00739nam a22002417a 4500
005 20240814113655.0
008 970904m19271929ii a 001 0aeng
010 _aENG-141147-47
020 _c1500.00
035 _aEN-124679-80
037 _bDBAD
040 _aDPL
082 _a070.40954
_21
245 _aCelebrating Excellence in Indian Journalism:
_bPolestar Awards A Compendium 1999-2013/
_cBy Polestar Foundation
250 _a3
260 _aTamil Nadu
_bThe PoleStar Foundation
270 _a244, Anna Salai, Chennai
_bTamil Nadu
_e600006
300 _a351p.
_c22cm(hb)
300 _a379p.
_c22cm(hb)
490 _vVol 1, Vol 2
650 _aLeadership
_969287
942 _2ddc
_cEN
_mCEL
_h070.40954
999 _c204736
_d204736